Mythology | 0 | 4 | 0 | 1 | 40 | 103 | 113.50 | 0 | 0 |
Fine Arts - Painting & Sculpture | 0 | 3 | 0 | 1 | 30 | 74 | 102.00 | 1 | 2 |
History - European History | 0 | 3 | 0 | 1 | 30 | 76 | 100.33 | 0 | 0 |
History - Other History | 0 | 3 | 0 | 0 | 30 | 65 | 91.33 | 0 | 2 |
Literature - European Literature | 0 | 3 | 0 | 1 | 30 | 138 | 143.00 | 0 | 0 |
History - World History | 0 | 3 | 1 | 1 | 25 | 66 | 91.33 | 0 | 1 |
Fine Arts - Other Fine Arts | 0 | 3 | 1 | 0 | 25 | 48 | 67.67 | 0 | 3 |
Science - Physics | 0 | 3 | 2 | 1 | 20 | 86 | 105.33 | 0 | 2 |
Other | 0 | 2 | 0 | 0 | 20 | 97 | 103.00 | 0 | 1 |
Fine Arts - Classical Music | 0 | 3 | 3 | 0 | 15 | 39 | 84.00 | 0 | 2 |
Religion | 0 | 1 | 0 | 0 | 10 | 119 | 119.00 | 0 | 0 |
Science - Chemistry | 0 | 1 | 0 | 0 | 10 | 115 | 115.00 | 0 | 0 |
Science - Other Science | 0 | 1 | 0 | 0 | 10 | 58 | 58.00 | 0 | 1 |
Philosophy | 0 | 1 | 1 | 0 | 5 | 93 | 93.00 | 0 | 1 |
Literature - American Literature | 0 | 0 | 0 | 0 | 0 | | 0.00 | 0 | 0 |
Social Science | 0 | 0 | 0 | 0 | 0 | | 0.00 | 0 | 0 |